00537nam a2200169Ia 450000500170000000800410001708200130005810000190007124500220009025000080011226000350012030000170015550000790017294200060025195200950025799900150035220250310044959.0240331s9999 xx 000 0 und d bSOLa800 aSolshenitsin,A 0aHira kadawurakadi a2nd aColombobMerge Institutec1988 axv, 156 p ., aone day in the life of ivan denisovice - Hira kadawurakadi ( prison camp) cL 001040708LaWERCLbWERCLcSSCd2024-03-31l0o 800 SOLp1458r2024-03-31w2024-03-31yL c5276d5276